| 000 | 01889nam a2200265 i 4500 | ||
|---|---|---|---|
| 005 | 20221221102015.0 | ||
| 008 | 221221t19872022my ao g 000 1 may d | ||
| 020 |
_a9789671746431 _cRM 75.00 _qhardback |
||
| 040 |
_aPPAK _beng _cPPAK _erda |
||
| 082 | 0 | 4 |
_223 _a899.2333 |
| 090 |
_a899.2333 _bASA _dG |
||
| 100 | 0 |
_aA. Samad Said, _cDato' _d1935- _eauthor _eillustrator. _q(Abdul Samad Said) |
|
| 245 | 1 | 0 |
_aHujan Pagi / _cA. SAMAD SAID ; Editor Zalila Isa |
| 250 | _aEdisi Baharu Feb 2022 | ||
| 264 | 1 |
_aSubang Jaya, Selangor : _bHelmy Samad Publications, _c©2022 |
|
| 264 | 4 | _c©1987 | |
| 300 |
_a432 pages : _bphotographs ; _c24 cm |
||
| 336 |
_atext _2rdacontent |
||
| 337 |
_aunmediated _2rdamedia |
||
| 338 |
_avolume _2rdacarrier |
||
| 520 | _aHujan Pagi mengesani dan menghuraikan kekusutan jiwa seorang wartawan generasi sebelum perang yang tidak lagi memahami dan menyesuaikan dirinya dengan perubahan arah dan perkembangan suasana akhbar masa kini. Segala yang berlaku sekarang menyentuh hati nurani dan pegangan hidup wartawan itu. Perkembangan baru dalam harian Sinar Pagi menyebabkan Lokman terseksa dan tergelincir ke dalam dunia halusinasinya sendiri. Menurut doktor jiwanya, Dr Ahmad Dio, penyakit Lokman akan lebih serius, jika tidak segera dibantu. Dalam mingguan halusinasinya iaitu mingguan Hujan Pagi, Lokman merasa berperanan dan dihargai. Dirasakan ada sesuatu perjuangan yang bermakna, sesuai dengan latarnya sebagai seorang nasionalis. Novel ini mempunyai unsur-unsur lagenda, sejarah, arkeologi, astronomi dan politik dalam Hujan Pagi tidak dimaksudkan hanya sebagai latar tempat dan mental manusia-manusianya atau sebagai sisipan ramuan ilmu tertentu, lebih daripada itu ia menjadi pelantar hujah dan percakapan idea tentang beberapa hal dan pendapat dulu dan sekarang. | ||
| 650 | 1 | 0 | _aMalay fiction |
| 700 | 0 |
_aZalila Isa _eeditor |
|
| 942 |
_2ddc _cB |
||
| 999 |
_c190684 _d190684 |
||